00395nam a2200121Ia 45000010005000000080041000050820028000461000117000742450015001912600024002069010028002309990015002584446241024s9999 xx 000 0 und d aRD/371.97293/R426f/2013 aRepública Dominicana. Ministerio de Educación. Dirección General de Comunicación y Relaciones Públicas 0aEn Familia bSanto Domingoc2013 a29/9/2016 10:07:11 a.m. c8762d8762